000 00378nmm a2200145Ia 4500
008 251105s9999||||xx |||||||||||||||||und||
041 _aspa
100 _aUrian, Elizabeth
245 0 _aDilema
264 _a[Madrid, España] :
_bEdiciones B,
_c2016
300 _a415 páginas
650 _aRomance
856 _uhttps://public.digitaliapublishing.com/a/53745
942 _cCF
999 _c106161
_d106161